[Event "42nd Olympiad 2016"]
[Site "Baku AZE"]
[Date "2016.09.04"]
[Round "3.74"]
[Board "3"]
[White "Botsoe, Koffi"]
[Black "Lima, Osvaldo Dos Santos"]
[Result "1-0"]
[BlackTitle "CM"]
[WhiteElo "1610"]
[BlackElo "1782"]
[WhiteTeam "Togo"]
[BlackTeam "Sao Tome & Principe"]
[WhiteFideId "21200025"]
[BlackFideId "14306352"]
[EventDate "2016.09.02"]

1. e4 d6 2. Nc3 Nf6 3. f4 Nc6 4. Nf3 e5 5. Bb5 Bd7 6. d3 Qe7 7. a4 a5 8. f5 Qd8
9. O-O Be7 10. Qe1 Nb4 11. Qe2 Bxb5 12. axb5 c6 13. bxc6 Nxc6 14. h3 Qc7 15. Be3
Nb4 16. d4 O-O 17. dxe5 dxe5 18. Rad1 a4 19. Nd5 Nfxd5 20. exd5 Qxc2 21. Qxc2
Nxc2 22. Bc1 Bd6 23. Ng5 Bc5+ 24. Kh2 Bd4 25. Ne4 f6 26. Rf3 b5 27. g4 b4 28. g5
a3 29. bxa3 bxa3 30. Bxa3 Rxa3 31. Rxa3 Nxa3 32. gxf6 gxf6 33. Rd3 Nc4 34. d6
Kf7 35. Rb3 Nb6 36. Rb5 Rd8 37. Rb4 Rd7 38. Rb5 Nc4 39. h4 Nxd6 40. Rd5 Ke7 41.
Ng3 Bf2 42. Nh5 Bxh4 43. Ng7 Bf2 44. Kg2 Be3 45. Kf3 Bg5 46. Rd1 h6 47. Kg4 Ne4
48. Rb1 Kf7 49. Ne6 Ke7 50. Rb8 Nd6 51. Rh8 Ra7 52. Rh7+ Nf7 53. Rg7 Ra4+ 54.
Kh5 Rc4 55. Kg6 e4 56. Rxf7+ Kd6 57. Nxg5 fxg5 58. f6 Ke5 59. Re7+ Kd6 60. Re8
e3 61. f7 Rf4 62. Rxe3 g4 63. Kg7 h5 64. Kg8 Kd5 65. Ra3 Ke5 66. Ra5+ Ke6 67.
f8=Q Rxf8+ 68. Kxf8 h4 69. Rg5 g3 70. Rg4 Kf5 71. Rxh4 g2 72. Rh5+ Kf4 73. Rh4+
Kf3 74. Rh3+ 1-0

[Event "42nd Olympiad 2016"]
[Site "Baku AZE"]
[Date "2016.09.04"]
[Round "3.82"]
[Board "2"]
[White "Babarykin, Stanislav"]
[Black "Phiri, Richmond"]
[Result "1-0"]
[WhiteTitle "FM"]
[BlackTitle "IM"]
[WhiteElo "2339"]
[BlackElo "2342"]
[WhiteTeam "IBCA"]
[BlackTeam "Zambia"]
[WhiteFideId "4101898"]
[BlackFideId "8700443"]
[EventDate "2016.09.02"]

1. e4 c5 2. Nf3 g6 3. d4 cxd4 4. Qxd4 Nf6 5. e5 Nc6 6. Qa4 Nd5 7. Bd2 Bg7 8. Nc3
Nc7 9. O-O-O O-O 10. Bf4 a6 11. h4 b5 12. Qe4 b4 13. Nd5 Nxd5 14. Qxd5 b3 15.
cxb3 Qb6 16. Be3 Qc7 17. Qc5 Bb7 18. Bc4 Rac8 19. Rhe1 Nxe5 20. Qxc7 Rxc7 21.
Nxe5 Bxe5 22. Bh6 Bg7 23. Bxg7 Kxg7 24. Rxe7 Bc6 25. g3 Kf6 26. Re3 d5 27. Be2
Bb5+ 28. Kd2 Bxe2 29. Kxe2 Rc2+ 30. Rd2 Rfc8 31. Rf3+ Ke6 32. Rd3 Rxd2+ 33. Kxd2
h5 34. Rc3 Ra8 35. Kd3 Kd6 36. b4 Rb8 37. Ra3 Rb6 38. Ra5 Ke5 39. a3 f6 40. Ke3
Re6 41. f4+ Kf5+ 42. Kf3 Rd6 43. b5 axb5 44. Rxb5 g5 45. hxg5 fxg5 46. fxg5 Ke5
47. a4 Rg6 48. a5 Rxg5 49. a6 Rg6 50. Ra5 Rg8 51. a7 Ra8 52. Ke3 Kd6 53. Kd4 Kc6
54. b4 Kb7 55. Kxd5 Rd8+ 56. Ke4 Ka8 57. Rxh5 Kxa7 58. b5 Kb6 59. g4 Rd1 60. Rf5
Rg1 61. g5 Kc7 62. Ke5 Kd7 63. Kf6 Ke8 64. Kg7 Ke7 65. g6 Ke6 66. Rf7 Rb1 67. b6
Rb2 68. b7 Rb1 69. Kf8 Rh1 70. g7 1-0

[Event "42nd Olympiad 2016"]
[Site "Baku AZE"]
[Date "2016.09.05"]
[Round "4.2"]
[Board "4"]
[White "Ortiz Suarez, Isan Reynaldo"]
[Black "Sethuraman, S.P."]
[Result "1/2-1/2"]
[WhiteTitle "GM"]
[BlackTitle "GM"]
[WhiteElo "2581"]
[BlackElo "2640"]
[WhiteTeam "Cuba"]
[BlackTeam "India"]
[WhiteFideId "3507165"]
[BlackFideId "5021596"]
[EventDate "2016.09.02"]

1. Nf3 d5 2. g3 c6 3. Bg2 Bg4 4. c4 e6 5. cxd5 exd5 6. O-O Nf6 7. d3 Nbd7 8. Nc3
Bd6 9. Qc2 O-O 10. e4 dxe4 11. dxe4 Bxf3 12. Bxf3 Bc5 13. Bf4 Qe7 14. Rad1 Ne5
15. Bg2 Rad8 16. Qe2 Rxd1 17. Nxd1 Rd8 18. Ne3 g6 19. Rd1 Rd4 20. Rxd4 Bxd4 21.
b3 b5 22. h3 Nfd7 23. Nc2 Bb6 24. Be3 f6 25. f4 Nf7 26. Kh2 Qd6 27. Bxb6 Nxb6
28. Ne3 Kg7 29. Qb2 h5 30. h4 Qd3 31. Qc1 Qd4 32. Kh1 c5 33. e5 fxe5 34. f5 c4
35. fxg6 Kxg6 36. Qc2+ e4 37. Bxe4+ Kf6 38. Qf2+ Ke6 39. Bg2 Nd6 40. bxc4 bxc4
41. Qe2 Qe5 42. Bh3+ Kf7 43. Qf3+ Ke7 44. Nf5+ Nxf5 45. Bxf5 Nd5 46. Kh2 Nf6 47.
Qb7+ Kd6 48. Qa6+ Kd5 49. Qa5+ Kd6 50. Qa6+ Kd5 51. Qa5+ Kd6 52. Qa6+ 1/2-1/2

[Event "42nd Olympiad 2016"]
[Site "Baku AZE"]
[Date "2016.09.05"]
[Round "4.8"]
[Board "2"]
[White "Lenic, Luka"]
[Black "Markus, Robert"]
[Result "1-0"]
[WhiteTitle "GM"]
[BlackTitle "GM"]
[WhiteElo "2622"]
[BlackElo "2662"]
[WhiteTeam "Slovenia"]
[BlackTeam "Serbia"]
[WhiteFideId "14603853"]
[BlackFideId "921637"]
[EventDate "2016.09.02"]

1. d4 Nf6 2. c4 g6 3. Nc3 Bg7 4. e4 d6 5. f3 O-O 6. Be3 Nc6 7. Qd2 e5 8. d5 Nd4
9. Nge2 Nxe2 10. Bxe2 Nh5 11. O-O-O f5 12. Kb1 Qe7 13. exf5 gxf5 14. g3 Bd7 15.
Bd3 Rae8 16. Bc2 a6 17. Bg5 Qf7 18. Rhg1 Kh8 19. g4 Nf4 20. gxf5 Bxf5 21. Bxf5
Qxf5+ 22. Ne4 Nh3 23. Rg3 Nf2 24. Re1 Nxe4 25. fxe4 Qf2 26. Rg2 Qf3 27. Rg3 Qf2
28. Rg2 Qf3 29. Qc2 Rf7 30. Reg1 Ref8 31. Bc1 Qh5 32. Rg5 Qf3 33. R5g3 Qh5 34.
a3 h6 35. Ka2 Rf2 36. Qa4 R2f7 37. Qc2 Rf2 38. Qa4 R2f7 39. Qb3 Qxh2 40. Qxb7
Qe2 41. Qxa6 Qxe4 42. Qa4 Rb8 43. Rg4 Qf5 44. Qa7 Rbf8 45. Qe3 Rb8 46. Qg3 Qh7
47. Rg6 e4 48. Rg2 h5 49. b4 Rbf8 50. Rxg7 Rxg7 51. Bb2 Rf7 52. Qh4 1-0

[Event "42nd Olympiad 2016"]
[Site "Baku AZE"]
[Date "2016.09.05"]
[Round "4.12"]
[Board "3"]
[White "Kazhgaleyev, Murtas"]
[Black "Shishkov, Andrei"]
[Result "0-1"]
[WhiteTitle "GM"]
[BlackTitle "FM"]
[WhiteElo "2594"]
[BlackElo "2368"]
[WhiteTeam "Kazakhstan"]
[BlackTeam "Estonia"]
[WhiteFideId "13700316"]
[BlackFideId "4500563"]
[EventDate "2016.09.02"]

1. d4 Nf6 2. c4 e6 3. Nc3 Bb4 4. e3 O-O 5. Bd3 c5 6. Ne2 cxd4 7. exd4 d5 8. cxd5
Nxd5 9. O-O Nc6 10. Be4 Nxc3 11. bxc3 Bd6 12. c4 Bxh2+ 13. Kxh2 Qh4+ 14. Kg1
Qxe4 15. Bb2 Rd8 16. Qd2 e5 17. Rfe1 Be6 18. Qc1 Nb4 19. d5 Nd3 20. Qc2 Bf5 21.
Red1 Rac8 22. Ng3 Qxg2+ 23. Kxg2 Nf4+ 24. Kh2 Bxc2 25. Rd2 Rxc4 26. Bxe5 Nd3 27.
Bxg7 Kxg7 28. Nf5+ Kf6 29. Ne3 Rf4 30. Rxc2 Rg8 31. Ng2 Rf5 32. Nh4 Rh5 33. Rc4
Ke5 34. Rb1 b6 35. d6 Kd5 36. Ra4 Nc5 37. Rd1+ Kc6 38. Rf4 Ne6 39. Rc4+ Kd7 40.
a4 f5 41. Rdc1 Kxd6 42. Rd1+ Ke5 43. Rb4 Nc5 44. Rg1 Rxg1 45. Kxg1 Rg5+ 46. Ng2
Rg4 47. f4+ Ke6 48. Kh2 Rg8 49. a5 Rb8 50. axb6 Rxb6 51. Rc4 Rb5 52. Ne3 a5 53.
Nc2 Kd6 54. Kh3 Ne6 55. Ra4 Rc5 56. Na3 Kc6 57. Kh4 Kb6 58. Kh5 Rc3 59. Kh4 Nc5
60. Nc4+ Kb5 61. Rxa5+ Kxc4 62. Kg5 Rg3+ 63. Kxf5 h5 64. Ra7 h4 65. Ke5 Nd3+ 66.
Ke4 Nf2+ 67. Ke5 h3 68. Rc7+ Kb5 69. Rh7 h2 70. f5 Nh3 0-1

[Event "42nd Olympiad 2016"]
[Site "Baku AZE"]
[Date "2016.09.05"]
[Round "4.21"]
[Board "2"]
[White "Mareco, Sandro"]
[Black "Filippov, Anton UZB"]
[Result "1/2-1/2"]
[WhiteTitle "GM"]
[BlackTitle "GM"]
[WhiteElo "2606"]
[BlackElo "2582"]
[WhiteTeam "Argentina"]
[BlackTeam "Uzbekistan"]
[WhiteFideId "112275"]
[BlackFideId "14200988"]
[EventDate "2016.09.02"]

1. d4 d5 2. c4 e6 3. Nf3 c6 4. Nbd2 Nf6 5. g3 Nbd7 6. Bg2 Be7 7. O-O b6 8. Qc2
Bb7 9. e4 dxe4 10. Nxe4 c5 11. Nxf6+ Nxf6 12. Rd1 Qc8 13. d5 exd5 14. cxd5 Bxd5
15. Bg5 Be6 16. Ne5 O-O 17. Nc6 Qe8 18. Nxe7+ Qxe7 19. Bxa8 Rxa8 20. Qc3 Re8 21.
Rd3 c4 22. Bxf6 Qxf6 23. Qxf6 gxf6 24. Rd4 Rc8 25. Rc1 Rc5 26. f3 Ra5 27. a3 Rb5
28. Rd2 Kg7 29. Kf2 Kg6 30. Rc3 Kg5 31. h3 f5 32. f4+ Kf6 33. g4 Kg6 34. Kg3 Kf6
35. Re3 Rc5 36. Kh4 Rb5 37. Kg3 Kg6 38. Rf3 Kf6 39. Kh4 Rc5 40. Rc3 a5 41. Kg3
Kg6 42. Rd6 Rb5 43. Rd2 Rc5 44. Re3 b5 45. gxf5+ Rxf5 46. Rde2 1/2-1/2

[Event "42nd Olympiad 2016"]
[Site "Baku AZE"]
[Date "2016.09.05"]
[Round "4.24"]
[Board "1"]
[White "Laurusas, Tomas"]
[Black "Delgado Ramirez, Neuris"]
[Result "0-1"]
[WhiteTitle "IM"]
[BlackTitle "GM"]
[WhiteElo "2437"]
[BlackElo "2618"]
[WhiteTeam "Lithuania"]
[BlackTeam "Paraguay"]
[WhiteFideId "12803731"]
[BlackFideId "3503631"]
[EventDate "2016.09.02"]

1. d4 Nf6 2. c4 b6 3. Nc3 Bb7 4. Bg5 e6 5. e3 h6 6. Bh4 Bb4 7. Ne2 O-O 8. a3 Be7
9. Qc2 c5 10. Rd1 a6 11. Bg3 d6 12. d5 exd5 13. Nf4 d4 14. exd4 Nc6 15. dxc5
bxc5 16. Bd3 Nd4 17. Qb1 g5 18. Nfd5 Bxd5 19. cxd5 Nh5 20. Bf5 Rb8 21. O-O Nxf5
22. Qxf5 Rxb2 23. Rb1 Rxb1 24. Rxb1 Ng7 25. Qd3 f5 26. f3 Bf6 27. Rb7 Qc8 28.
Rb6 c4 29. Qd2 Qc5+ 30. Bf2 Qxa3 31. Bd4 Bxd4+ 32. Qxd4 Qc1+ 33. Kf2 Re8 0-1

[Event "42nd Olympiad 2016"]
[Site "Baku AZE"]
[Date "2016.09.05"]
[Round "4.26"]
[Board "3"]
[White "Lorenzana, Wilson Estuardo"]
[Black "Glud, Jakob Vang"]
[Result "0-1"]
[WhiteTitle "IM"]
[BlackTitle "GM"]
[WhiteElo "2239"]
[BlackElo "2526"]
[WhiteTeam "Guatemala"]
[BlackTeam "Denmark"]
[WhiteFideId "7300239"]
[BlackFideId "1407767"]
[EventDate "2016.09.02"]

1. e4 e5 2. Bc4 Nc6 3. d3 Nf6 4. Nf3 Bc5 5. c3 a6 6. Bb3 Ba7 7. O-O d6 8. Bg5 h6
9. Be3 O-O 10. Nbd2 Re8 11. d4 exd4 12. Nxd4 Ne5 13. Nc2 c5 14. a4 d5 15. exd5
Nxd5 16. Nc4 Bg4 17. f3 Nxc4 18. Bxc4 Be6 19. Bxd5 Bxd5 20. Rf2 Bb3 21. Rd2 Qe7
22. Bf2 Rad8 23. a5 Bb8 24. g3 Bc7 25. Ra3 c4 26. Bd4 Rd5 27. Qf1 Bxa5 28. Na1
Rxd4 29. Rxd4 Bb6 30. Nxb3 cxb3 31. Ra4 Bxd4+ 32. Rxd4 Qe2 33. Qf2 Qe1+ 34. Qxe1
Rxe1+ 35. Kf2 Rh1 36. Rd8+ Kh7 37. h4 Rh2+ 38. Ke3 Rxb2 39. Rd7 b5 0-1

[Event "42nd Olympiad 2016"]
[Site "Baku AZE"]
[Date "2016.09.05"]
[Round "4.27"]
[Board "3"]
[White "Tologontegin, Semetey"]
[Black "Pulvett Marin, Daniel"]
[Result "1-0"]
[WhiteTitle "IM"]
[BlackTitle "IM"]
[WhiteElo "2350"]
[BlackElo "2434"]
[WhiteTeam "Kyrgyzstan"]
[BlackTeam "Venezuela"]
[WhiteFideId "13800574"]
[BlackFideId "3900410"]
[EventDate "2016.09.02"]

1. d4 Nf6 2. c4 e6 3. Nc3 Bb4 4. e3 O-O 5. Ne2 Re8 6. a3 Bf8 7. e4 d5 8. e5 Nfd7
9. cxd5 exd5 10. f4 c5 11. dxc5 Nc6 12. Nxd5 Nxc5 13. Nec3 Bf5 14. Be3 Qh4+ 15.
g3 Qh6 16. b4 Ne4 17. Nxe4 Bxe4 18. f5 Bxd5 19. Bxh6 Bxh1 20. Bf4 Nxe5 21. Kf2
Bc6 22. Be2 a5 23. Qd4 Rad8 24. Qc3 Rd5 25. Rb1 axb4 26. axb4 Bd6 27. Kf1 Rd8
28. b5 Be8 29. Qa5 Rd7 30. Qa8 Kf8 31. Rc1 Bc5 32. Qb8 f6 33. Ra1 Re7 34. Ra8
Nf7 35. Bf3 Rd8 36. Qxd8 Nxd8 37. Rxd8 b6 38. Bc6 Kf7 39. Bd5+ Kf8 40. Rb8 Ra7
41. Bc6 Re7 42. g4 Kf7 43. Bd5+ Kf8 44. h3 Rd7 45. Bc6 Re7 46. h4 h6 47. Rc8 Kf7
48. Bd5+ Kf8 49. Ra8 Bb4 50. Rb8 Bc5 51. Bc6 Kf7 52. Kg2 Re2+ 53. Kf3 Rf2+ 54.
Kg3 Re2 55. Rb7+ Re7 56. Bd5+ Kf8 57. Rb8 Re1 58. Bc6 Kf7 59. Ra8 Rg1+ 60. Kf3
Rf1+ 61. Ke4 Re1+ 62. Kd3 Re7 63. Bd5+ Kf8 64. Kc4 Re1 65. Bc6 Kf7 66. Kd3 Re7
67. Rc8 Ba3 68. Bd5+ Kf8 69. Kc4 Re2 70. Kd3 Re7 71. Be3 Bc5 72. Bxc5 bxc5 73.
b6 1-0

[Event "42nd Olympiad 2016"]
[Site "Baku AZE"]
[Date "2016.09.05"]
[Round "4.28"]
[Board "1"]
[White "Arab, Adlane"]
[Black "Salem, A.R. Saleh"]
[Result "1/2-1/2"]
[WhiteTitle "IM"]
[BlackTitle "GM"]
[WhiteElo "2493"]
[BlackElo "2628"]
[WhiteTeam "Algeria"]
[BlackTeam "United Arab Emirates"]
[WhiteFideId "7900872"]
[BlackFideId "9301348"]
[EventDate "2016.09.02"]

1. d4 Nf6 2. c4 e6 3. Nc3 Bb4 4. e3 O-O 5. Nf3 d5 6. Bd3 b6 7. O-O Bb7 8. a3 Bd6
9. b3 dxc4 10. Bxc4 Nbd7 11. Bb2 a6 12. b4 Qe7 13. d5 b5 14. Bb3 c5 15. dxc6
Bxc6 16. Ne2 e5 17. Ng3 g6 18. Nh4 Ne4 19. Nxe4 Bxe4 20. Qg4 Nf6 21. Qg5 h6 22.
Qg3 Kh7 23. Rfd1 Rae8 24. f3 Nh5 25. Qg4 Nf6 26. Qg3 Nh5 27. Qg4 Nf6 28. Qh3 Nh5 1/2-1/2

[Event "42nd Olympiad 2016"]
[Site "Baku AZE"]
[Date "2016.09.05"]
[Round "4.30"]
[Board "3"]
[White "Andreasen, Joan Hendrik"]
[Black "Kjartansson, Gudmundur"]
[Result "0-1"]
[BlackTitle "IM"]
[WhiteElo "2239"]
[BlackElo "2442"]
[WhiteTeam "Faroe Isles"]
[BlackTeam "Iceland"]
[WhiteFideId "7200110"]
[BlackFideId "2301318"]
[EventDate "2016.09.02"]

1. d4 Nf6 2. c4 e6 3. Nc3 Bb4 4. e3 O-O 5. Ne2 c6 6. a3 Ba5 7. b4 Bc7 8. e4 d6
9. Ng3 e5 10. d5 a5 11. Rb1 Bb6 12. Be2 Bd4 13. Qb3 axb4 14. axb4 Na6 15. O-O
Bd7 16. Nd1 c5 17. b5 Nb4 18. Bg5 h6 19. Bd2 Qa5 20. Ne3 Qa2 21. Rfd1 Ra3 22.
Qxa2 Rxa2 23. Bxb4 cxb4 24. Rxb4 Nxe4 25. Nxe4 Rxe2 26. Ra4 f5 27. Nxd6 f4 28.
Nf1 Bxf2+ 29. Kh1 e4 30. c5 Bxc5 31. Nxe4 Bb6 32. Ned2 g5 33. h3 f3 34. g4 f2
35. Rb1 Re1 36. Raa1 Rfe8 37. Kg2 Bd4 38. Ra4 Bc5 39. Rc4 b6 40. Rb3 Kg7 41.
Rxc5 bxc5 42. b6 R1e7 43. Ng3 Bc8 44. Rc3 Rb7 45. Nc4 Rd8 46. d6 Rf7 47. Re3
Bb7+ 48. Kf1 Ba6 49. Re4 Rxd6 50. Nf5+ Rxf5 51. gxf5 Rxb6 52. Kxf2 Bxc4 53. Rxc4
Rb5 54. Ra4 Rb6 55. Ke3 Kf6 56. Ke4 Rb4+ 0-1

[Event "42nd Olympiad 2016"]
[Site "Baku AZE"]
[Date "2016.09.05"]
[Round "4.31"]
[Board "4"]
[White "Murillo Tsijli, Alexis"]
[Black "Bersamina, Paulo"]
[Result "0-1"]
[WhiteTitle "IM"]
[BlackTitle "IM"]
[WhiteElo "2272"]
[BlackElo "2408"]
[WhiteTeam "Costa Rica"]
[BlackTeam "Philippines"]
[WhiteFideId "6500218"]
[BlackFideId "5206995"]
[EventDate "2016.09.02"]

1. d4 Nf6 2. c4 e6 3. Nc3 Bb4 4. e3 b6 5. Ne2 Ba6 6. a3 Bxc3+ 7. Nxc3 d5 8. Qf3
O-O 9. g4 Nbd7 10. g5 Ne4 11. Nxe4 dxe4 12. Qxe4 Qxg5 13. h4 Qg6 14. Qxg6 fxg6
15. b4 c5 16. Ra2 cxd4 17. exd4 Rac8 18. Rc2 Nf6 19. Rg1 Rf7 20. Rg5 Bb7 21. Bh3
Re7 22. Be3 Be4 23. Rc1 Bf5 24. Rg3 Nh5 25. Rf3 h6 26. Bd2 Rd8 27. Bc3 e5 28. d5
e4 29. Rxf5 gxf5 30. Bxf5 Nf4 31. Rc2 Rc7 32. Bd2 Nxd5 33. c5 Re8 34. c6 e3 35.
fxe3 Nxe3 36. Bxe3 Rxe3+ 37. Kd1 Rxa3 38. Bg6 Rg3 39. Be4 Rg4 40. Re2 Rxe4 41.
Rxe4 Rxc6 42. Ke2 Kf7 43. Kf3 b5 0-1

[Event "42nd Olympiad 2016"]
[Site "Baku AZE"]
[Date "2016.09.05"]
[Round "4.37"]
[Board "4"]
[White "Diermair, Andreas"]
[Black "Van den Heever, Donovan"]
[Result "0-1"]
[WhiteTitle "IM"]
[BlackTitle "IM"]
[WhiteElo "2478"]
[BlackElo "2247"]
[WhiteTeam "Austria"]
[BlackTeam "South Africa"]
[WhiteFideId "1612468"]
[BlackFideId "14300494"]
[EventDate "2016.09.02"]

1. Nf3 Nf6 2. c4 c5 3. Nc3 Nc6 4. d4 cxd4 5. Nxd4 e6 6. Bf4 Bb4 7. Nb5 O-O 8. a3
Bxc3+ 9. Nxc3 d5 10. e3 h6 11. Bg3 Qe7 12. Be2 Rd8 13. O-O d4 14. exd4 Nxd4 15.
Bd3 b6 16. Re1 Bb7 17. b4 Nf5 18. Qe2 Nxg3 19. hxg3 a5 20. Rab1 axb4 21. axb4
Ra3 22. Qb2 Raa8 23. Rbd1 Bc6 24. Be2 Qc7 25. Qc1 Qe7 26. Qb2 Qc7 27. Rc1 Qb7
28. Bf1 Qe7 29. Red1 Ng4 30. Be2 Qg5 31. Bf3 Bxf3 32. gxf3 Ne5 33. Qe2 Qf5 34.
f4 Nd3 35. Rb1 Rac8 36. Na4 Rxc4 37. Nxb6 Rcd4 38. b5 Re4 39. Qc2 Red4 40. Nc8
Qh3 41. Rxd3 Rxd3 42. b6 Qh5 43. Kg2 Rd1 44. Ne7+ Kf8 45. Rxd1 Rxd1 46. Ng6+
fxg6 0-1

[Event "42nd Olympiad 2016"]
[Site "Baku AZE"]
[Date "2016.09.05"]
[Round "4.39"]
[Board "3"]
[White "Lorparizangeneh, Shahin"]
[Black "Morris, Charles F"]
[Result "1-0"]
[WhiteTitle "IM"]
[WhiteElo "2478"]
[BlackElo "2127"]
[WhiteTeam "Iran"]
[BlackTeam "Wales"]
[WhiteFideId "12521604"]
[BlackFideId "1800140"]
[EventDate "2016.09.02"]

1. Nf3 Nf6 2. g3 d5 3. Bg2 c5 4. O-O Nc6 5. d4 e6 6. c4 dxc4 7. Ne5 Nxe5 8. dxe5
Qxd1 9. Rxd1 Nd7 10. Na3 Be7 11. Nxc4 Rb8 12. Bf4 g5 13. Be3 O-O 14. f4 gxf4 15.
gxf4 Rd8 16. a4 b6 17. a5 Bb7 18. axb6 Nxb6 19. Rxd8+ Bxd8 20. Nd6 Bxg2 21. Kxg2
Nd5 22. Bc1 a5 23. e4 Nb4 24. Ra3 Bc7 25. Nc4 Rd8 26. Rg3+ Kf8 27. Be3 Nd3 28.
Kf3 Rb8 29. Ke2 Rb3 30. Bd2 Nxb2 31. Rxb3 Nxc4 32. Rb7 Bd8 33. Bc3 a4 34. Kd3
Na3 35. f5 exf5 36. exf5 Ke8 37. f6 h5 1-0

[Event "42nd Olympiad 2016"]
[Site "Baku AZE"]
[Date "2016.09.05"]
[Round "4.39"]
[Board "4"]
[White "Sands, David A"]
[Black "Gholami, Aryan"]
[Result "0-1"]
[BlackTitle "FM"]
[WhiteElo "2122"]
[BlackElo "2435"]
[WhiteTeam "Wales"]
[BlackTeam "Iran"]
[WhiteFideId "402060"]
[BlackFideId "12513342"]
[EventDate "2016.09.02"]

1. d4 Nf6 2. c4 e6 3. Nc3 Bb4 4. e3 O-O 5. Ne2 Re8 6. a3 Bf8 7. Ng3 d5 8. Be2 g6
9. O-O h5 10. Re1 h4 11. Nf1 h3 12. g3 Nbd7 13. b3 c6 14. Bb2 a6 15. Bf3 dxc4
16. bxc4 e5 17. Nd2 Bg7 18. Nce4 Nxe4 19. Nxe4 Nb6 20. Rc1 f5 21. Nc5 e4 22. Be2
g5 23. Bc3 Nd7 24. Nxd7 Bxd7 25. Rb1 Rb8 26. Qd2 Be6 27. Red1 Bf7 28. a4 Qc7 29.
Ba5 Qe7 30. Bb6 f4 31. Qb4 Qd7 32. Qa5 Bh6 33. d5 cxd5 34. cxd5 Rbc8 35. d6 Rc6
36. Bc7 fxe3 37. fxe3 g4 38. Qd2 Rxc7 39. dxc7 Qxd2 40. Rxd2 Bxe3+ 41. Kf1 Bxd2
42. Bxg4 Bc4+ 43. Kg1 Bd3 44. Ra1 Be3+ 45. Kh1 Bd4 46. Rc1 e3 47. c8=Q Be4+ 0-1

[Event "42nd Olympiad 2016"]
[Site "Baku AZE"]
[Date "2016.09.05"]
[Round "4.41"]
[Board "2"]
[White "Pacher, Milan"]
[Black "Mohammed, Zozek Salah Mohammed"]
[Result "1-0"]
[WhiteTitle "GM"]
[BlackTitle "FM"]
[WhiteElo "2499"]
[BlackElo "2251"]
[WhiteTeam "Slovakia"]
[BlackTeam "Iraq"]
[WhiteFideId "14907445"]
[BlackFideId "4803361"]
[EventDate "2016.09.02"]

1. d4 d5 2. c4 Bf5 3. cxd5 Bxb1 4. Rxb1 Qxd5 5. Qa4+ c6 6. Nf3 Nd7 7. b4 e6 8.
e3 a5 9. b5 Bb4+ 10. Bd2 Bxd2+ 11. Nxd2 c5 12. b6 Nf6 13. Be2 cxd4 14. Bf3 Qe5
15. Nc4 Qc5 16. Rb5 Qe7 17. Bxb7 Rb8 18. Nxa5 dxe3 19. fxe3 Nd5 20. Bxd5 exd5
21. Qd4 O-O 22. Nc6 Qa3 23. Nxb8 Qc1+ 24. Kf2 Qc2+ 25. Kg3 Nf6 26. h3 Rxb8 27.
Kh2 h5 28. a4 Re8 29. b7 Qf2 30. b8=Q 1-0

[Event "42nd Olympiad 2016"]
[Site "Baku AZE"]
[Date "2016.09.05"]
[Round "4.43"]
[Board "3"]
[White "Dizdarevic, Emir"]
[Black "Liu, Yeh Yang"]
[Result "1-0"]
[WhiteTitle "GM"]
[WhiteElo "2460"]
[BlackElo "2009"]
[WhiteTeam "Bosnia & Herzegovina"]
[BlackTeam "Chinese Taipei"]
[WhiteFideId "14400049"]
[BlackFideId "16300416"]
[EventDate "2016.09.02"]

1. Nf3 c5 2. g3 Nc6 3. Bg2 g6 4. O-O Bg7 5. c3 e5 6. a3 d5 7. d3 Nge7 8. e4 O-O
9. b4 b6 10. exd5 Nxd5 11. Bb2 cxb4 12. axb4 Bb7 13. b5 Na5 14. Ra4 Nc7 15. Na3
Re8 16. Ba1 Qd6 17. Qb1 Ne6 18. d4 exd4 19. cxd4 Rac8 20. Nc2 Bd5 21. Ne3 Ba8
22. d5 Nc5 23. Rf4 Nd7 24. Bxg7 Kxg7 25. Qb2+ Ne5 26. Ng4 Nc4 27. Rxc4 Rxc4 28.
Nfxe5 Rb4 29. Qa3 Qf8 30. Nd7 Qe7 31. Qc3+ f6 32. Ndxf6 Rd8 33. d6 Qxd6 34. Ne8+ 1-0

[Event "42nd Olympiad 2016"]
[Site "Baku AZE"]
[Date "2016.09.05"]
[Round "4.49"]
[Board "3"]
[White "Garcia Paolicchi, Raul"]
[Black "Sie, Thu"]
[Result "0-1"]
[WhiteTitle "FM"]
[WhiteElo "2153"]
[BlackElo "2148"]
[WhiteTeam "Andorra"]
[BlackTeam "Myanmar"]
[WhiteFideId "6900020"]
[BlackFideId "13002767"]
[EventDate "2016.09.02"]

1. d4 Nf6 2. c4 e6 3. Nc3 Bb4 4. e3 b6 5. Ne2 Ba6 6. a3 Bxc3+ 7. Nxc3 d5 8. Qa4+
Qd7 9. Qxd7+ Nbxd7 10. Nb5 Kd8 11. cxd5 exd5 12. Nxc7 Bxf1 13. Nxa8 Ba6 14. Bd2
Bb7 15. Nxb6 Nxb6 16. b3 Ba6 17. f3 Kd7 18. Bb4 Rb8 19. Kd2 Na8 20. Rhc1 Nc7 21.
Rc5 Bb5 22. Rc3 Ne6 23. Rac1 Ne8 24. Ba5 f5 25. g3 Ng5 26. Rc5 Nxf3+ 27. Kd1 Ke6
28. R1c2 Ng5 29. Rc8 Rb7 30. Bb4 Ne4 31. Ke1 a5 32. Bxa5 Bd7 33. Ra8 Rxb3 34.
Bd2 N8d6 35. Bc1 Nc4 36. Ke2 Nc3+ 37. Kf3 Nb5 38. Ra6+ Ke7 39. Kf4 h6 40. h4 Nc7 0-1

[Event "42nd Olympiad 2016"]
[Site "Baku AZE"]
[Date "2016.09.05"]
[Round "4.50"]
[Board "1"]
[White "Rakotomaharo, Fy Antenaina"]
[Black "Tissir, Mohamed"]
[Result "1-0"]
[WhiteTitle "FM"]
[BlackTitle "IM"]
[WhiteElo "2439"]
[BlackElo "2388"]
[WhiteTeam "Madagascar"]
[BlackTeam "Morocco"]
[WhiteFideId "13100050"]
[BlackFideId "9000240"]
[EventDate "2016.09.02"]

1. d4 Nf6 2. c4 g6 3. Nc3 Bg7 4. e4 d6 5. Be2 O-O 6. Bg5 c5 7. d5 e6 8. Qd2 exd5
9. exd5 Qb6 10. Nf3 Bf5 11. Rc1 Ne4 12. Nxe4 Bxe4 13. b3 a5 14. Bh6 Re8 15. Bxg7
Bxf3 16. Qh6 Rxe2+ 17. Kf1 Nd7 18. gxf3 Re7 19. Bc3 f6 20. h4 Qd8 21. h5 Qf8 22.
hxg6 Qxh6 23. Rxh6 hxg6 24. Rxg6+ Kf7 25. Rg3 Rh8 26. Kg2 b6 27. f4 Nf8 28. Re3
Ng6 29. Rxe7+ Kxe7 30. Kg3 Rg8 31. Kf3 Nh4+ 32. Ke3 Kf7 33. a3 Rg4 34. Rh1 Kg6
35. Bd2 Kf5 36. Ke2 Ng2 37. Rh7 Nxf4+ 38. Kf3 a4 39. bxa4 Nd3 40. Rh5+ Rg5 41.
Bxg5 Ne5+ 42. Ke2 fxg5 43. Rh6 Nxc4 44. Re6 g4 45. Kd3 Nb2+ 46. Kc2 Nxa4 47.
Rxd6 b5 48. Re6 b4 49. axb4 cxb4 50. Rc6 Ke5 51. d6 Ke6 52. Kb3 Nc3 53. Rxc3
bxc3 54. Kxc3 Kxd6 55. Kd4 Ke6 56. Ke4 g3 57. fxg3 Kf6 58. Kf4 Kg6 1-0